Statistiques concernant Filmographie de Leonardo Dicaprio

Cliquez ici pour prendre le quiz!

Statistiques générales

  • Ce quiz a été pris 525 fois
  • Le résultat moyen est 12 sur 28

Statistiques - réponses

AnnéeFilm% Correct
1997Titanic
99%
2015The Revenant
84%
2013Le Loup de Wall Street
82%
2010Inception
73%
2010Shutter Island
73%
2019Once Upon a Time in Hollywood
72%
2012Django Unchained
61%
1996Roméo + Juliette
61%
2000La Plage
53%
2002Arrête moi si tu peux
52%
2013Gatsby le Magnifique
51%
2004Aviator
49%
2006Les Infiltrés
49%
2002Gangs of New York
41%
2006Blood Diamond
37%
1993Gilbert Grape
31%
2008Les Noces Rebelles
30%
1995Basketball Diaries
27%
1998L'Homme au Masque de Fer
26%
2011J.Edgar
22%
2008Mensonges d'Etat
17%
1995Mort ou Vif
13%
1995Rimbaud Verlaine
12%
1993Blessures Secrètes
10%
1991Critters 3
10%
1998Celebrity
8%
1996Simples Secrets
8%
1992Fleur de Poison
3%

Distribution des résultats

Percentile par nombre de réponses

% des personnes avec chaque résultat

Votre développement - résultats

Vous n’avez pas pris ce quiz